00307nam a2200097Ia 4500008004100000245005800041245003700099260000900136650001200145856005200157171211s9999 xx 000 0 und d aAnatomy for Sculptors, Understanding the Human Figure cSandis Kondrats and Uldis Zarins c2014 xDrawing uhttp://down.ebook777.com/001/978-0990341109.pdf